000 00675nam a2200241Ia 4500
003 OSt
005 20220918180120.0
006 a|||||r|||| 00| 0
007 ta
008 220917b |||||||| |||| 00| 0 eng d
024 _a20,705
037 _cTextual
040 _aARTS
_cARTS
_beng
041 _2eng
_aeng
082 _aO:3M042:2, K5
100 _aHawthorne Nathaniel
245 0 _aHouse of the seven gables
260 _c1965
490 _aCentenary edition of the works of Nathaniel Hawthorne ed by William Charvat etc; 2
650 _aENGLISH LITERATURE
942 _hO:3M042:2, K5
_cTEXL
_2CC
999 _c160356
_d160356